[Event "St Eufemia d'Aspromonte op-B 4th"]
[Site "St Eufemia d'Aspromonte"]
[Date "2011.01.06"]
[Round "8"]
[White "Battaglia, Domenica"]
[Black "Chite, Carmelo"]
[Result "1/2-1/2"]
[WhiteElo "1509"]
[BlackElo "1467"]
[PlyCount "29"]
[EventDate "2011.01.02"]
[EventType "swiss"]
[EventRounds "8"]
[EventCountry "ITA"]
[SourceTitle "EXT 2013"]
[Source "ChessBase"]
[SourceDate "2012.11.22"]
[SourceVersion "1"]
[SourceVersionDate "2012.11.22"]
[SourceQuality "1"]

1. e4 d5 2. e5 Bf5 3. d4 e6 4. Nf3 c5 5. Bb5+ Nc6 6. Bxc6+ bxc6 7. c3 cxd4 8. cxd4 Bb4+ 9. Bd2 Qb6 10. 0-0 Rb8 11. Qa4 Ne7 12. Bxb4 Qxb4 13. Qxb4 Rxb4 14. b3 0-0 15. Nbd2 1/2-1/2